| 000 | 00609cam a2200145 4500500 | ||
|---|---|---|---|
| 005 | 20260208010900.0 | ||
| 041 | _afre | ||
| 042 | _adc | ||
| 100 | 1 | 0 |
_aVerdeau, Patricia _eauthor |
| 245 | 0 | 0 | _aMiklos Vetö, Gabriel Marcel. Les grands thèmes de sa philosophie, Paris, L’Harmattan, coll. « Ouverture philosophique », 2014, 206 p., 13 €. |
| 260 | _c2015. | ||
| 500 | _a19 | ||
| 786 | 0 | _nRevue philosophique de la France et de l'étranger | 140 | 3 | 2015-08-27 | p. 375s-426s | 0035-3833 | |
| 856 | 4 | 1 | _uhttps://shs.cairn.info/revue-philosophique-2015-3-page-375s?lang=fr&redirect-ssocas=7080 |
| 999 |
_c1658673 _d1658673 |
||